000
00230nam a2200097Ia 4500
008
230508s2011 xx 000 0 und d
041
_a
eng
100
_a
AXELSON JAN
245
_a
USB COMPLETE
260
_b
PENRAM INTERNATIONAL
_c
2011
999
_c
720765
_d
720765